|
|
|
|
| LEADER |
00000cam a2200000 7i4500 |
| 001 |
0000080616 |
| 005 |
20110127.0 |
| 008 |
110127 bm |
| 020 |
|
|
|a 9836214070
|
| 090 |
0 |
0 |
|a 513.07 SUF
|
| 100 |
1 |
|
|a Sufean Hussin
|
| 245 |
1 |
0 |
|a Pengajaran Matematik KBSR :
|b Strategi Membina Kemahiran
|c Sufean Hussin
|
| 260 |
|
|
|a Kuala Lumpur :
|b Dewan Bahasa dan Pustaka ,
|c 1992
|
| 300 |
|
|
|a xi,271p. :
|b ill. ;
|c 24cm.
|
| 650 |
0 |
0 |
|a Arithmetic
|x Study and teaching
|
| 999 |
|
|
|a 0000111811
|b Buku
|c Rak Terbuka
|e Perpustakaan Cawangan Masjid Tanah
|
| 999 |
|
|
|a 0000264300
|b Buku
|c Rak Terbuka
|e Perpustakaan Cawangan Jasin
|